000
00412nam a22001697a 4500
003
MPLRDC
005
20220104142828.0
008
210129b ||||| |||| 00| 0 eng d
082
_a
125 CTF
100
_a
陈铁凡主编及校订
245
_a
宋元明清四朝学案索引
_c
250
_a
初版
260
_a
_b
艺文印书馆
_c
1974
300
_b
精
650
_a
宋元哲学
942
_c
BK
_o
125 CTF
999
_c
34045
_d
34035